Galatasaray Scorers in 2010s Champions League - Statistics

General Stats
  • This quiz has been taken 790 times
  • The average score is 10 of 16
Answer Stats
Player Nation Gls % Correct
Didier Drogba Ivory Coast 3
97%
Burak Yılmaz Turkey 10
95%
Wesley Sneijder Netherlands 4
95%
Selçuk İnan Turkey 3
76%
Lukas Podolski Germany 2
71%
Aydın Yılmaz Turkey 1
70%
Umut Bulut Turkey 4
69%
Sofiane Feghouli Algeria 1
68%
Emmanuel Eboué Ivory Coast 1
64%
Eren Derdiyok Switzerland 2
61%
Felipe Melo Brazil 1
59%
Garry Rodrigues Cape Verde 1
52%
Aurélien Chedjou Cameroon 1
48%
Hamit Altıntop Turkey 1
47%
Hakan Balta Turkey 1
25%
Bilal Kısa Turkey 1
24%
No matching quizzes found
Score Distribution
Percent of People with Each Score
Percentile by Number Answered
Your Score History
You have not taken this quiz